<?xml version="1.0" encoding="UTF-8"?>
<marc:record xmlns:marc="http://www.loc.gov/MARC21/slim">
   <marc:leader>00000nam a2200000 a 4500</marc:leader>
   <marc:datafield ind1="1" ind2=" " tag="100">
      <marc:subfield code="a">Auer, Margit</marc:subfield>
      <marc:subfield code="4">aut</marc:subfield>
      <marc:subfield code="e">Verfasser/-in</marc:subfield>
   </marc:datafield>
   <marc:datafield ind1=" " ind2=" " tag="653">
      <marc:subfield code="a">Ferien</marc:subfield>
   </marc:datafield>
   <marc:datafield ind1=" " ind2=" " tag="653">
      <marc:subfield code="a">Zelten</marc:subfield>
   </marc:datafield>
   <marc:datafield ind1=" " ind2=" " tag="653">
      <marc:subfield code="a">Lagerfeuer</marc:subfield>
   </marc:datafield>
   <marc:datafield ind1="0" ind2="0" tag="245">
      <marc:subfield code="a">Die Schule der magischen Tiere - Endlich Ferien (2)</marc:subfield>
   </marc:datafield>
   <marc:datafield ind1="0" ind2="0" tag="245">
      <marc:subfield code="b">Silas und Rick</marc:subfield>
   </marc:datafield>
   <marc:datafield ind1=" " ind2="1" tag="264">
      <marc:subfield code="b">Carlsen</marc:subfield>
      <marc:subfield code="c">2017</marc:subfield>
   </marc:datafield>
   <marc:datafield ind1="1" ind2=" " tag="490">
      <marc:subfield code="a">Die Schule der magischen Tiere - Endlich Ferien</marc:subfield>
   </marc:datafield>
   <marc:datafield ind1="1" ind2=" " tag="520">
      <marc:subfield code="a">Diesmal beginnt die Geschichte um die nette, etwas geheimnisvolle Lehrerin Miss Cornfield und ihre Klasse am letzten Schultag. Jedes Kind erhält den Auftrag, ein Rätsel zu lösen und das Ergebnis der Lehrerin zu schicken, ja, und außerdem jeden Tag ein Eis zu essen. Silas und sein Krokodil Rick fahren bald darauf ins Waldmeistercamp, wo jede Menge Abenteuer auf die beiden warten. Im Camp findet sich auch die Lösung des Rätsels. Dieser weitere Band der erfolgreichen Reihe wendet sich an Leseanfänger. Wer Lust auf Spiele und weitere Informationen hat, kann auf der Internetseite des Carlsen-Verlages einige Zeit mit den Protagonisten der "Schule der magischen Tiere" verbringen.</marc:subfield>
   </marc:datafield>
   <marc:datafield ind1=" " ind2=" " tag="020">
      <marc:subfield code="a">9783551653321</marc:subfield>
      <marc:subfield code="9">9783551653321</marc:subfield>
   </marc:datafield>
</marc:record>
